<?xml version="1.0" encoding="UTF-8"?>
<record
    xmlns:xsi="http://www.w3.org/2001/XMLSchema-instance"
    xsi:schemaLocation="http://www.loc.gov/MARC21/slim http://www.loc.gov/standards/marcxml/schema/MARC21slim.xsd"
    xmlns="http://www.loc.gov/MARC21/slim">

  <leader>02327nam a22002537b 4500</leader>
  <controlfield tag="003">3228</controlfield>
  <controlfield tag="005">20250718142737.0</controlfield>
  <controlfield tag="008">250718b        sa ||||| |||| 00| 0 ENG d</controlfield>
  <datafield tag="020" ind1=" " ind2=" ">
    <subfield code="a">9780702151958</subfield>
    <subfield code="q">pbk</subfield>
  </datafield>
  <datafield tag="040" ind1=" " ind2=" ">
    <subfield code="a">RDA</subfield>
    <subfield code="c">3228</subfield>
  </datafield>
  <datafield tag="041" ind1=" " ind2=" ">
    <subfield code="2">E</subfield>
    <subfield code="a">English</subfield>
  </datafield>
  <datafield tag="082" ind1=" " ind2=" ">
    <subfield code="a">ST 657.021 OPPE</subfield>
  </datafield>
  <datafield tag="100" ind1=" " ind2=" ">
    <subfield code="a"> Oppermann, Hendrik Rudolf Beukes</subfield>
    <subfield code="9">195616</subfield>
  </datafield>
  <datafield tag="245" ind1=" " ind2=" ">
    <subfield code="a">Accounting standards /</subfield>
    <subfield code="c">Hendrik Rudolf Beukes  Oppermann </subfield>
  </datafield>
  <datafield tag="260" ind1=" " ind2=" ">
    <subfield code="a">Lansdowne, South Africa : </subfield>
    <subfield code="b">Juta, </subfield>
    <subfield code="c">2005.</subfield>
  </datafield>
  <datafield tag="300" ind1=" " ind2=" ">
    <subfield code="a">894 pages : </subfield>
    <subfield code="b">illustrations ; </subfield>
    <subfield code="c">25 cm</subfield>
  </datafield>
  <datafield tag="500" ind1=" " ind2=" ">
    <subfield code="a">A comprehensive guide to South African accounting standards, including practical problems and exercises for application in professional contexts.

Includes worked examples and exercises

Previous editions titled *Accounting statements and guidelines*.</subfield>
  </datafield>
  <datafield tag="505" ind1=" " ind2=" ">
    <subfield code="a">Framework for the preparation and presentation of financial statements -- IAS 1: Presentation of financial statements -- IAS 2: Inventories -- IAS 7: Statement of cash flows -- IAS 8: Accounting policies, changes in accounting estimates and errors -- IAS 10: Events after the reporting period -- IAS 12: Income taxes -- IAS 16: Property, plant and equipment -- IAS 20: Government grants -- IAS 21: The effects of changes in foreign exchange rates -- IAS 23: Borrowing costs -- IAS 24: Related party disclosures -- IAS 29: Financial reporting in hyperinflationary economies -- IAS 32: Financial instruments: presentation -- IAS 33: Earnings per share -- IAS 36: Impairment of assets -- IAS 37: Provisions, contingent liabilities and contingent assets -- IAS 38: Intangible assets -- IAS 40: Investment property -- IFRS 2: Share-based payment -- IFRS 3: Business combinations -- IFRS 5: Non-current assets held for sale and discontinued operations -- IFRS 7: Financial instruments: disclosures -- IFRS 9: Financial instruments -- IFRS 10: Consolidated financial statements -- IFRS 11: Joint arrangements -- IFRS 12: Disclosure of interests in other entities -- IFRS 13: Fair value measurement -- IFRS 15: Revenue from contracts with customers -- IFRS 16: Leases.</subfield>
  </datafield>
  <datafield tag="650" ind1=" " ind2=" ">
    <subfield code="a">Accounting  South Africa  </subfield>
    <subfield code="x">Problems and exercises</subfield>
    <subfield code="x">Accounting&#x2014;Standards  </subfield>
    <subfield code="9">195617</subfield>
  </datafield>
  <datafield tag="700" ind1=" " ind2=" ">
    <subfield code="a">Booysen, SF</subfield>
    <subfield code="e">editor</subfield>
    <subfield code="9">195618</subfield>
  </datafield>
  <datafield tag="700" ind1=" " ind2=" ">
    <subfield code="a">Oberholster, JGI</subfield>
    <subfield code="e">editor</subfield>
    <subfield code="9">195619</subfield>
  </datafield>
  <datafield tag="700" ind1=" " ind2=" ">
    <subfield code="a">Binnekade, CS</subfield>
    <subfield code="e">editor</subfield>
  </datafield>
  <datafield tag="942" ind1=" " ind2=" ">
    <subfield code="2">ddc</subfield>
    <subfield code="c">BOOK</subfield>
    <subfield code="y">395</subfield>
    <subfield code="z">Kholofelo Moabelo</subfield>
  </datafield>
  <datafield tag="999" ind1=" " ind2=" ">
    <subfield code="c">746915</subfield>
    <subfield code="d">746914</subfield>
  </datafield>
  <datafield tag="952" ind1=" " ind2=" ">
    <subfield code="0">0</subfield>
    <subfield code="1">0</subfield>
    <subfield code="4">0</subfield>
    <subfield code="7">0</subfield>
    <subfield code="8">600</subfield>
    <subfield code="a">STANL</subfield>
    <subfield code="b">STANL</subfield>
    <subfield code="c">LOCA</subfield>
    <subfield code="d">2023-03-29</subfield>
    <subfield code="l">0</subfield>
    <subfield code="o">ST 657 OPPER </subfield>
    <subfield code="p">3300410007188</subfield>
    <subfield code="r">2023-03-29</subfield>
    <subfield code="w">2023-03-29</subfield>
    <subfield code="y">BOOK</subfield>
  </datafield>
  <datafield tag="952" ind1=" " ind2=" ">
    <subfield code="0">0</subfield>
    <subfield code="1">0</subfield>
    <subfield code="4">0</subfield>
    <subfield code="7">0</subfield>
    <subfield code="8">600</subfield>
    <subfield code="a">STANL</subfield>
    <subfield code="b">STANL</subfield>
    <subfield code="c">LOCA</subfield>
    <subfield code="d">2025-07-18</subfield>
    <subfield code="g">460.00</subfield>
    <subfield code="l">0</subfield>
    <subfield code="o">ST 657 OPPER </subfield>
    <subfield code="p">3300410016995</subfield>
    <subfield code="r">2025-07-18</subfield>
    <subfield code="v">460.00</subfield>
    <subfield code="w">2025-07-18</subfield>
    <subfield code="y">BOOK</subfield>
  </datafield>
</record>
